000 00295nam a2200109Ia 4500
008 220204s9999 xx 000 0 und d
082 _a678.763.2
_bTHO
100 _aThompson, D C
245 0 _aMechanical molded goods: Neoprene and hypalas
260 _aWilmington
_bEIDu Pont
_c1955
942 _cREF
999 _c24227
_d24227